Qui a tué qui ? (Naruto) - Statistiques

Statistiques générales
  • Ce quiz a été pris 3 008 fois
  • Le résultat moyen est 17 sur 20
Statistiques - réponses
Victime Tueur % Correct
Danzo Sasuke
99%
Itachi Sasuke
99%
Haku Kakashi
98%
Kakuzu Kakashi
98%
Rin Kakashi
98%
Neji Obito
95%
Konan Obito
95%
Asuma Hidan
94%
Hiruzen Orochimaru
94%
Hanzo Nagato
92%
Jiraya Nagato
92%
Yahiko Nagato
92%
Hidan Shikamaru
90%
Toneri Naruto
87%
Minato Kurama
85%
Obito Kaguya
75%
Madara Hashirama
74%
Jirobo Choji
53%
Izumi Itachi
53%
Izuna Tobirama
49%
Aucun quiz correspondant
Distribution des résultats
% des personnes avec chaque résultat
Percentile par nombre de réponses
Votre historique - résultats
Vous n’avez pas pris ce quiz